Memòria 2002
Descripción Física:
v. ; 33cm ; 23cm
MARC
| LEADER | 00000nam a2200000Ia 4500 | ||
|---|---|---|---|
| 001 | 15153 | ||
| 003 | Arxiu | ||
| 008 | 160829s1984 - xx 000 0 cat d | ||
| 080 | |a Memòries | ||
| 110 | 1 | |a Barcelona (Catalunya : Província). |b Diputació |9 52408 | |
| 240 | |a Memòria 2002 | ||
| 245 | |a Memòria 2002 | ||
| 260 | |a Barcelona : |b Diputació. Presidència, |c 2002 | ||
| 300 | |a v. ; |c 33cm ; |c 23cm | ||
| 650 | 0 | |a Barcelona (Catalunya : Província). Diputació |x Memòries |9 23006 | |
| 710 | 1 | |a Barcelona (Catalunya : Província). |b Diputació |9 52408 | |
| 710 | 1 | |a Catalunya. |b Diputació Provincial |9 54288 | |
| 856 | |u https://www.diba.cat/documents/94831/366392651/2002_baixa.pdf/e84a1b79-0a7b-a530-f4d7-e1dc27c3a221?t=1648214031526 |z bib_15153_2002.pdf | ||
| 900 | |a bib_15153_2002_baixa.pdf | ||
| 901 | |a Arxiu | ||
| 942 | |n 1 |2 udc |c ARXIU | ||
| 952 | |0 0 |1 0 |4 0 |6 MEMÒRIES |7 1 |9 63672 |a Arxiu |b Arxiu |d 2022-08-31 |l 0 |o Memòries |p 15153 |r 2022-08-31 00:00:00 |w 2022-08-31 |y ARXIU |z Digitalitzat | ||
| 999 | |c 80685 |d 80685 | ||